[Event "Sparkassen-Open A"]
[Site "Heusenstamm, Martinsee"]
[Date "2016.11.27"]
[Round "3.11"]
[White "Muckle, Julius"]
[Black "Dubiel, Jacek"]
[Result "1/2-1/2"]
[WhiteElo "2178"]
[BlackElo "2422"]
[PlyCount "82"]
[EventDate "2016.??.??"]
[WhiteTeam "SK Ludwigshafen"]
[BlackTeam "SV Oberursel"]

1. d4 Nf6 2. c4 e6 3. Nc3 Bb4 4. e3 b6 5. Bd3 Bb7 6. Nge2 Bxg2 7. Rg1 Bf3 8.
Qc2 g6 9. e4 Nc6 10. Bd2 Bxe2 11. Nxe2 Bxd2+ 12. Qxd2 e5 13. d5 Nb8 14. f4 d6
15. fxe5 dxe5 16. c5 Nbd7 17. c6 Nc5 18. Ng3 h5 19. O-O-O Qe7 20. Rge1 a5 21.
Kb1 Nxd3 22. Qxd3 Kf8 23. Ne2 Ne8 24. Nc3 Nd6 25. Nb5 Nxb5 26. Qxb5 Rd8 27. Rf1
Rd6 28. Rf3 Kg7 29. Rdf1 Rf8 30. Qe2 Qh4 31. Qe3 Qe7 32. Qf2 f6 33. Rg1 Kh7 34.
Qh4 Qf7 35. Rg5 Kh6 36. Rg1 Qh7 37. Qf2 Qf7 38. Rf1 Kg7 39. Rg1 Kh7 40. Rg5 Kg7
41. Qg3 h4 1/2-1/2

[Event "Sparkassen-Open A"]
[Site "Heusenstamm, Martinsee"]
[Date "2016.11.27"]
[Round "3.12"]
[White "Noe, Christopher"]
[Black "Prill, Daniel"]
[Result "1-0"]
[WhiteElo "2422"]
[BlackElo "2198"]
[PlyCount "25"]
[EventDate "2016.??.??"]
[WhiteTeam "SC Eppingen"]
[BlackTeam "SC Heitersheim"]

1. d4 d5 2. c4 c6 3. Nc3 Nf6 4. Nf3 a6 5. Ne5 g6 6. cxd5 cxd5 7. Qa4+ Nbd7 8.
Bg5 b5 9. Nxb5 Qb6 10. Nc3 Qxb2 11. Rc1 e6 12. Nd3 Qa3 13. Bxf6 1-0

[Event "Sparkassen-Open A"]
[Site "Heusenstamm, Martinsee"]
[Date "2016.11.27"]
[Round "3.13"]
[White "Olsen, Filip Boe"]
[Black "Keymer, Vincent"]
[Result "0-1"]
[WhiteElo "2136"]
[BlackElo "2419"]
[PlyCount "82"]
[EventDate "2016.??.??"]
[WhiteTeam "SG Turm Kiel"]
[BlackTeam "SK Gau-Algesheim"]

1. d4 d5 2. c4 c6 3. Nf3 Nf6 4. Nc3 dxc4 5. a4 Bf5 6. Ne5 Nbd7 7. Nxc4 Nb6 8.
e3 e6 9. Ne5 a5 10. Be2 Bd6 11. h3 Bxe5 12. dxe5 Qxd1+ 13. Bxd1 Ne4 14. Nxe4
Bxe4 15. f3 Bd3 16. b3 Nd5 17. e4 Nb4 18. Ba3 O-O-O 19. Bxb4 axb4 20. Be2 Kc7
21. Ra2 Rd4 22. Rd2 Rhd8 23. Kf2 c5 24. Rhd1 Bxe2 25. Kxe2 Rxd2+ 26. Rxd2 Rxd2+
27. Kxd2 b5 28. axb5 Kb6 29. Kd3 Kxb5 30. h4 g6 31. g3 h6 32. f4 h5 33. Kd2 c4
34. bxc4+ Kxc4 35. Kc2 Kd4 36. Kb3 Kxe4 37. Kxb4 Kf3 38. Kc5 Kxg3 39. Kd6 Kxf4
40. Ke7 Kxe5 41. Kxf7 Kf5 0-1

[Event "Sparkassen-Open A"]
[Site "Heusenstamm, Martinsee"]
[Date "2016.11.27"]
[Round "3.14"]
[White "Telljohann, Sven"]
[Black "Budzyn, Matthias"]
[Result "1-0"]
[WhiteElo "2408"]
[BlackElo "2166"]
[PlyCount "159"]
[EventDate "2016.??.??"]
[WhiteTeam "Frankfurter TV"]
[BlackTeam "SG Turm Kiel"]

1. Nf3 Nf6 2. g3 g6 3. Bg2 Bg7 4. O-O d5 5. d4 O-O 6. b3 c5 7. Bb2 Ne4 8. Qc1
cxd4 9. Nxd4 e5 10. Nf3 Nc6 11. c4 d4 12. Nxe5 Nxg3 13. hxg3 Nxe5 14. Qd2 d3
15. exd3 Bg4 16. f4 Nxd3 17. Bxg7 Kxg7 18. Bd5 Qb6+ 19. Kh2 Nb4 20. Nc3 Nxd5
21. Nxd5 Qd6 22. Rae1 Rfe8 23. Qd4+ f6 24. Rxe8 Rxe8 25. Qxa7 Bc8 26. Rf2 Qe6
27. f5 Qe1 28. Qb6 Bxf5 29. Qxf6+ Kg8 30. Qb2 Re6 31. Qd2 Qe4 32. Nf4 Rc6 33.
Re2 Qf3 34. Re3 Rd6 35. Qe1 Qc6 36. Re8+ Kg7 37. Re7+ Kf8 38. Rxh7 Qe4 39. Qc3
Qd4 40. Qxd4 Rxd4 41. Rxb7 Rd2+ 42. Kg1 Rxa2 43. g4 Be4 44. Rb6 g5 45. Ne6+ Ke7
46. Nxg5 Rg2+ 47. Kf1 Rxg4 48. Re6+ Kd7 49. Rxe4 Rxg5 50. Ke2 Kd6 51. b4 Rg3
52. Re3 Rg1 53. Kd3 Rb1 54. Kc3 Rc1+ 55. Kb3 Ra1 56. c5+ Kd5 57. Rd3+ Kc6 58.
Rd6+ Kc7 59. Kc4 Rh1 60. Kb5 Rg1 61. Rf6 Rg7 62. Rf4 Rh7 63. Kc4 Rg7 64. b5 Rh7
65. b6+ Kc6 66. Rf6+ Kb7 67. Kb5 Rh5 68. Rf7+ Kb8 69. Re7 Rg5 70. Kc6 Rg8 71.
Kd6 Rd8+ 72. Rd7 Rh8 73. c6 Rh6+ 74. Kc5 Rh5+ 75. Kb4 Rh8 76. Kb5 Rc8 77. Rb7+
Ka8 78. Ra7+ Kb8 79. c7+ Rxc7 80. Rxc7 1-0

[Event "Sparkassen-Open A"]
[Site "Heusenstamm, Martinsee"]
[Date "2016.11.27"]
[Round "3.15"]
[White "Milov, Leonid"]
[Black "Hilzinger, Markus"]
[Result "1-0"]
[WhiteElo "2406"]
[BlackElo "2133"]
[PlyCount "51"]
[EventDate "2016.??.??"]
[WhiteTeam "SC Noris-Tarrasch Nürnberg"]
[BlackTeam "SC Pforzheim"]

1. e4 c5 2. Nf3 g6 3. c4 Bg7 4. d4 cxd4 5. Nxd4 Nc6 6. Be3 Nf6 7. Nc3 Ng4 8.
Qxg4 Nxd4 9. Qd1 e5 10. Bd3 b6 11. Qd2 O-O 12. h4 f5 13. f3 Bb7 14. O-O-O a6
15. h5 b5 16. hxg6 hxg6 17. Kb1 Bc6 18. Bh6 f4 19. cxb5 axb5 20. Bxb5 Nxb5 21.
Nxb5 d5 22. Bxg7 Kxg7 23. Qc3 Bxb5 24. Rxd5 Bd7 25. Qxe5+ Rf6 26. Rhd1 1-0

[Event "Sparkassen-Open A"]
[Site "Heusenstamm, Martinsee"]
[Date "2016.11.27"]
[Round "3.16"]
[White "Kunin, Vitaly"]
[Black "Schmitt, Carsten"]
[Result "1-0"]
[WhiteElo "2590"]
[BlackElo "2025"]
[PlyCount "50"]
[EventDate "2016.??.??"]
[WhiteTeam "Freibauer Mörlenbach"]
[BlackTeam "SV Bergwinkel"]

1. d4 d5 2. Nf3 e6 3. Bf4 Nf6 4. e3 c5 5. Nbd2 Qa5 6. c3 c4 7. Be2 b5 8. O-O
Bb7 9. b3 Qd8 10. a4 Ne4 11. Nxe4 dxe4 12. Nd2 g5 13. Be5 f6 14. Bg3 bxa4 15.
Bxc4 h5 16. Bxe6 h4 17. Bxb8 Rxb8 18. Qg4 h3 19. g3 Bd5 20. Rxa4 Qd6 21. Bxd5
Qxd5 22. Rxa7 f5 23. Qxg5 Rg8 24. Qh5+ Kd8 25. Qh7 Bd6 1-0

[Event "Sparkassen-Open A"]
[Site "Heusenstamm, Martinsee"]
[Date "2016.11.27"]
[Round "3.17"]
[White "Carlstedt, Jonathan"]
[Black "Held, Carsten"]
[Result "1-0"]
[WhiteElo "2438"]
[BlackElo "2046"]
[PlyCount "43"]
[EventDate "2016.??.??"]
[WhiteTeam "Hamburger SK"]
[BlackTeam "SC Ladja Roßdorf"]

1. e4 c5 2. Nf3 d6 3. d4 cxd4 4. Nxd4 Nf6 5. Nc3 g6 6. Be3 Bg7 7. f3 Nc6 8. Qd2
Bd7 9. g4 O-O 10. O-O-O Rc8 11. h4 Ne5 12. h5 Nxf3 13. Nxf3 Bxg4 14. h6 Bxf3
15. hxg7 Re8 16. Bb5 Bxh1 17. Rxh1 a6 18. Bxe8 Qxe8 19. Bd4 e5 20. Qh6 Qe6 21.
Nd5 Nh5 22. Rxh5 1-0

[Event "Sparkassen-Open A"]
[Site "Heusenstamm, Martinsee"]
[Date "2016.11.27"]
[Round "3.18"]
[White "Kreiling, Carsten"]
[Black "Weichhold, Pawel"]
[Result "0-1"]
[WhiteElo "2065"]
[BlackElo "2407"]
[PlyCount "106"]
[EventDate "2016.??.??"]
[WhiteTeam "SVG Eppstein"]
[BlackTeam "SC Heusenstamm"]

1. d4 Nf6 2. c4 g6 3. Nc3 Bg7 4. e4 d6 5. f3 O-O 6. Be3 c6 7. Bd3 a6 8. Nge2 b5
9. b3 Nbd7 10. O-O bxc4 11. bxc4 c5 12. d5 Qc7 13. Rb1 e6 14. h3 exd5 15. cxd5
Re8 16. Qd2 Ne5 17. Rfc1 Bxh3 18. f4 Nxd3 19. Qxd3 Bc8 20. Ng3 Ng4 21. Nce2
Nxe3 22. Qxe3 Bd7 23. Qf3 Bb5 24. f5 Qe7 25. Rf1 Bxe2 26. Nxe2 Qxe4 27. f6 Qxe2
28. fxg7 Qxf3 29. Rxf3 Rab8 30. Rbf1 Rb7 31. Ra3 Rb6 32. Raf3 Re7 33. Rf6 Kxg7
34. Kh2 Rd7 35. R6f4 Rc7 36. Rc1 Re7 37. Rc2 Re5 38. Rd2 Rb4 39. Rxb4 cxb4 40.
Kg3 g5 41. Kf3 f5 42. g3 a5 43. Rd1 Kg6 44. Rd2 h5 45. Rd1 g4+ 46. Kf2 Kg5 47.
Rd4 h4 48. gxh4+ Kxh4 49. Rd2 f4 50. Rd4 f3 51. Kf1 Kg3 52. Rd3 Re2 53. a3 Ra2
0-1

[Event "Sparkassen-Open A"]
[Site "Heusenstamm, Martinsee"]
[Date "2016.11.27"]
[Round "3.19"]
[White "Flach, Erich"]
[Black "Zeller, Frank"]
[Result "1/2-1/2"]
[WhiteElo "2062"]
[BlackElo "2402"]
[PlyCount "53"]
[EventDate "2016.??.??"]
[WhiteTeam "SK Langen"]
[BlackTeam "SK Schwäbisch Hall"]

1. c4 Nf6 2. g3 e5 3. Bg2 d5 4. cxd5 Nxd5 5. Nc3 Nb6 6. Nf3 Nc6 7. O-O Be7 8.
a3 a5 9. d3 O-O 10. Be3 Re8 11. Rc1 Bf8 12. Na4 Nd5 13. Bc5 Rb8 14. Re1 Bg4 15.
Bxf8 Kxf8 16. Nc5 Nde7 17. Qa4 Qc8 18. Qc4 Bxf3 19. Bxf3 Nd4 20. Bg2 c6 21. e3
Ndf5 22. Ne4 Qd8 23. Red1 Kg8 24. b4 axb4 25. axb4 Nd5 26. Qb3 Nc7 27. Nc5
1/2-1/2

[Event "Sparkassen-Open A"]
[Site "Heusenstamm, Martinsee"]
[Date "2016.11.27"]
[Round "3.20"]
[White "Boe, Mads"]
[Black "Werner, Dimo"]
[Result "1-0"]
[WhiteElo "2312"]
[BlackElo "2035"]
[PlyCount "51"]
[EventDate "2016.??.??"]
[WhiteTeam "SG Turm Kiel"]
[BlackTeam "TSV Schott Mainz"]

1. e4 e6 2. d4 d5 3. e5 c5 4. c3 Nc6 5. Be3 cxd4 6. cxd4 Nge7 7. Bd3 Nf5 8. Nf3
Nxe3 9. fxe3 Be7 10. Nc3 Bd7 11. O-O O-O 12. a3 f6 13. exf6 Bxf6 14. Rc1 Be8
15. Qc2 h6 16. Ne2 Bf7 17. b4 a6 18. Qb2 Qb6 19. h3 Rac8 20. Bb1 Ne7 21. Nf4 g5
22. Nd3 Nf5 23. Nde5 Bxe5 24. Nxe5 Nxe3 25. Rxc8 Rxc8 26. Rxf7 1-0

[Event "Sparkassen-Open A"]
[Site "Heusenstamm, Martinsee"]
[Date "2016.11.27"]
[Round "3.21"]
[White "Klundt, Klaus"]
[Black "Syed, Tareq"]
[Result "1/2-1/2"]
[WhiteElo "2300"]
[BlackElo "2032"]
[PlyCount "65"]
[EventDate "2016.??.??"]
[WhiteTeam "SC Heusenstamm"]
[BlackTeam "SC Brett vorm Kopp"]

1. e4 d6 2. d4 Nf6 3. Nc3 e5 4. Nf3 Nbd7 5. Bc4 Be7 6. O-O O-O 7. Re1 a6 8. a4
b6 9. b3 Bb7 10. Bb2 c6 11. d5 c5 12. Nd2 Ne8 13. Ne2 g6 14. Bd3 f5 15. c4 a5
16. exf5 gxf5 17. f3 Ng7 18. Qc2 Nb8 19. Ng3 Bc8 20. f4 e4 21. Bf1 Bf6 22. Ne2
h5 23. g3 Na6 24. Bxf6 Qxf6 25. Qc3 Qg6 26. Kf2 Nb4 27. Ng1 h4 28. Be2 hxg3+
29. Qxg3 Qxg3+ 30. hxg3 Nc2 31. Nf1 Nxa1 32. Rxa1 Kf7 33. Nh3 1/2-1/2

[Event "Sparkassen-Open A"]
[Site "Heusenstamm, Martinsee"]
[Date "2016.11.27"]
[Round "3.22"]
[White "Kersten, Uwe"]
[Black "Küpper, Martin"]
[Result "0-1"]
[WhiteElo "2292"]
[BlackElo "2019"]
[PlyCount "92"]
[EventDate "2016.??.??"]
[WhiteTeam "Kasseler SK"]
[BlackTeam "SC Fulda"]

1. d4 Nf6 2. c4 g6 3. f3 d5 4. cxd5 Nxd5 5. e4 Nb6 6. Nc3 Bg7 7. Be3 Nc6 8. d5
Ne5 9. Bd4 O-O 10. f4 Bg4 11. Be2 Bxe2 12. Ngxe2 Nec4 13. Bxg7 Kxg7 14. b3 Nd6
15. O-O c6 16. dxc6 bxc6 17. Qd4+ Kg8 18. Rfd1 Qc7 19. Rac1 Rac8 20. Qc5 Rfd8
21. Qe5 Qb7 22. Rd3 c5 23. Rcd1 c4 24. Rd4 Re8 25. h4 Nd7 26. Qa5 Nc5 27. Ng3
Ne6 28. e5 Rc5 29. Qa4 Nxd4 30. Rxd4 cxb3 31. exd6 Rd8 32. dxe7 Qxe7 33. Re4
Qxh4 34. Re8+ Rxe8 35. Qxe8+ Kg7 36. Qe1 Qxf4 37. Nge4 Re5 38. axb3 f5 39. Qf2
Qc1+ 40. Kh2 fxe4 41. Qd4 Qg5 42. g3 e3 43. Ne4 Qe7 44. Nc3 Qc5 45. Qd7+ Re7
46. Qd3 e2 0-1

[Event "Sparkassen-Open A"]
[Site "Heusenstamm, Martinsee"]
[Date "2016.11.27"]
[Round "3.23"]
[White "Rolf, Marco"]
[Black "De Visser, Leon"]
[Result "0-1"]
[WhiteElo "2055"]
[BlackElo "2230"]
[PlyCount "92"]
[EventDate "2016.??.??"]
[WhiteTeam "SK Bad Homburg"]
[BlackTeam "SC Brett vorm Kopp"]

1. d4 d5 2. c4 c6 3. Nf3 Nf6 4. Nc3 dxc4 5. a4 Bf5 6. e3 e6 7. Bxc4 Bb4 8. O-O
O-O 9. Qe2 Nbd7 10. e4 Bg6 11. Bd3 Re8 12. e5 Bxd3 13. Qxd3 Nd5 14. Ng5 Nf8 15.
Nce4 h6 16. Nf3 Ng6 17. Rd1 Qc7 18. Bd2 Bf8 19. Rac1 Red8 20. Qc4 a5 21. Be1
Qb6 22. g3 Nb4 23. Bc3 Qa6 24. Qxa6 Rxa6 25. Nfd2 b5 26. Nb3 bxa4 27. Nbc5 Bxc5
28. Nxc5 Rb6 29. f4 Ne7 30. Ra1 Rb5 31. Ne4 Nf5 32. Kf2 Rbd5 33. Rxa4 Nxd4 34.
Nd6 Nb5 35. Rxd5 Nxd5 36. Nxb5 cxb5 37. Rxa5 b4 38. Rxd5 Rxd5 39. Bxb4 g5 40.
Kf3 gxf4 41. gxf4 Kg7 42. h4 Kg6 43. Be7 Kf5 44. b4 Rd3+ 45. Ke2 Ke4 46. h5 Rh3
0-1

[Event "Sparkassen-Open A"]
[Site "Heusenstamm, Martinsee"]
[Date "2016.11.27"]
[Round "3.24"]
[White "Lorscheid, Gerhard"]
[Black "Prill, Gerhard"]
[Result "1/2-1/2"]
[WhiteElo "2197"]
[BlackElo "2018"]
[PlyCount "99"]
[EventDate "2016.??.??"]
[WhiteTeam "Stuttgarter SF"]
[BlackTeam "SC Heitersheim"]

1. d4 Nf6 2. c4 e6 3. Nc3 Bb4 4. Qc2 O-O 5. a3 Bxc3+ 6. Qxc3 b5 7. cxb5 c6 8.
Bg5 cxb5 9. e3 Bb7 10. Nf3 a6 11. Bd3 d6 12. O-O Nbd7 13. a4 Qb6 14. a5 Qa7 15.
Qb4 Qb8 16. Nd2 Nd5 17. Qa3 f6 18. Bh4 Rd8 19. Bg3 e5 20. Rac1 Nf8 21. Rc2 Ra7
22. Rfc1 Ba8 23. Qb3 Kh8 24. Bf5 Ne7 25. Bh3 Bd5 26. Qb4 Bf7 27. e4 Be6 28.
Bxe6 Nxe6 29. Nb3 Ng6 30. d5 Nef4 31. Qd2 Nh5 32. Rc6 Nxg3 33. hxg3 Ne7 34. Rb6
Qa8 35. Qb4 Rad7 36. Kh2 g6 37. Rc3 Kg7 38. Nc1 h6 39. Nd3 h5 40. Qa3 Nc8 41.
Rbc6 Ne7 42. Rc7 Qb8 43. Rxd7 Rxd7 44. Nb4 Qa7 45. Nc6 Qxf2 46. Nxe7 Rxe7 47.
Qxd6 Rf7 48. Rc7 h4 49. Rxf7+ Kxf7 50. Qd7+ 1/2-1/2

[Event "Sparkassen-Open A"]
[Site "Heusenstamm, Martinsee"]
[Date "2016.11.27"]
[Round "3.25"]
[White "Waffenschmidt, Joachim"]
[Black "Dunsbach, Ralf"]
[Result "0-1"]
[WhiteElo "2039"]
[BlackElo "2180"]
[PlyCount "50"]
[EventDate "2016.??.??"]
[WhiteTeam "SC Brett vorm Kopp"]
[BlackTeam "SK Bad Homburg"]

1. d4 Nf6 2. c4 g6 3. Nc3 d5 4. Bf4 Bg7 5. e3 O-O 6. Rc1 c5 7. cxd5 Nxd5 8.
Nxd5 Qxd5 9. Rxc5 Qxa2 10. Qc1 Be6 11. Ne2 a6 12. Nc3 Qb3 13. Be2 Nd7 14. Rc7
Rac8 15. Nd5 Rxc7 16. Nxe7+ Kh8 17. Qxc7 Qb4+ 18. Kf1 Qxe7 19. Bd6 Qd8 20. Qxb7
Qc8 21. Qxc8 Rxc8 22. g4 Rc2 23. b4 Nf6 24. f3 Nd5 25. Kf2 Nc3 0-1

[Event "Sparkassen-Open A"]
[Site "Heusenstamm, Martinsee"]
[Date "2016.11.27"]
[Round "3.26"]
[White "Wagner, Dirk"]
[Black "Chan, Kim Yew"]
[Result "1/2-1/2"]
[WhiteElo "2031"]
[BlackElo "2169"]
[PlyCount "57"]
[EventDate "2016.??.??"]
[WhiteTeam "SC Matt im Park"]
[BlackTeam "Subang Jaya Chess Club"]

1. d4 Nf6 2. c4 e6 3. Nf3 b6 4. g3 Bb7 5. Bg2 Be7 6. O-O O-O 7. Nc3 Ne4 8. Qd3
Nxc3 9. Qxc3 d6 10. b3 c5 11. Bb2 Bf6 12. Qc2 Nc6 13. Rad1 Qe7 14. dxc5 Bxb2
15. Qxb2 dxc5 16. Rd2 Rad8 17. Rfd1 Rxd2 18. Rxd2 Rd8 19. h3 f6 20. Rxd8+ Qxd8
21. Qd2 Kf7 22. Qc2 g6 23. Qc1 Kg7 24. h4 Qd7 25. h5 Nd4 26. Nxd4 cxd4 27. Bxb7
Qxb7 28. hxg6 hxg6 29. b4 1/2-1/2

[Event "Sparkassen-Open A"]
[Site "Heusenstamm, Martinsee"]
[Date "2016.11.27"]
[Round "3.27"]
[White "Wolf, Ulrich Martin"]
[Black "Jennewein, Norbert"]
[Result "1-0"]
[WhiteElo "2161"]
[BlackElo "1877"]
[PlyCount "43"]
[EventDate "2016.??.??"]
[WhiteTeam "SC Hansa Dortmund"]
[BlackTeam "SC Fehrbach"]

1. d4 d5 2. Nf3 Nf6 3. g3 c6 4. Bg2 Bf5 5. O-O e6 6. c4 h6 7. Nc3 a6 8. c5 Nbd7
9. h3 Be7 10. g4 Bh7 11. Bf4 Ne4 12. Na4 O-O 13. Ne5 Nxe5 14. Bxe5 f6 15. Bh2
f5 16. f3 Nf6 17. Qd2 Nd7 18. Qe3 Kf7 19. Qb3 Ra7 20. e4 Bh4 21. gxf5 exf5 22.
exd5 1-0

[Event "Sparkassen-Open A"]
[Site "Heusenstamm, Martinsee"]
[Date "2016.11.27"]
[Round "3.28"]
[White "Vangsgaard, Bjarke"]
[Black "Chirita-Mihaila, Marius-Constant"]
[Result "1-0"]
[WhiteElo "2022"]
[BlackElo "2148"]
[PlyCount "77"]
[EventDate "2016.??.??"]
[WhiteTeam "Vejlby-Risskov"]
[BlackTeam "CSS 1 Timisoara"]

1. d4 c5 2. c3 g6 3. Nf3 Nf6 4. Bf4 Bg7 5. e3 b6 6. Be2 O-O 7. O-O d6 8. h3 Bb7
9. b4 cxb4 10. cxb4 Nd5 11. Qb3 Nxf4 12. exf4 Nc6 13. Rd1 a5 14. b5 Nb4 15. Bc4
e6 16. Nc3 Bxf3 17. gxf3 Rc8 18. Rac1 Qc7 19. Ne2 Qd7 20. Nc3 Qc7 21. Ne2 Qd7
22. Nc3 Rc7 23. Na4 Rb8 24. a3 Rxc4 25. Rxc4 Nd5 26. Rc6 Qd8 27. Qc4 Nxf4 28.
Nxb6 Qg5+ 29. Kf1 Qg2+ 30. Ke1 Qxf3 31. Nd7 Bh6 32. Kd2 Qxf2+ 33. Kc3 Nd5+ 34.
Kb3 Ne7 35. Nxb8 Nxc6 36. Nxc6 d5 37. Qc2 Qg3+ 38. Rd3 Qe1 39. b6 1-0

[Event "Sparkassen-Open A"]
[Site "Heusenstamm, Martinsee"]
[Date "2016.11.27"]
[Round "3.29"]
[White "Kornitzky, Tino"]
[Black "Eggenstein, Frank"]
[Result "1-0"]
[WhiteElo "2018"]
[BlackElo "2077"]
[PlyCount "89"]
[EventDate "2016.??.??"]
[WhiteTeam "SC Erlangen"]
[BlackTeam "SV Erkenschwick"]

1. d4 Nf6 2. c4 g6 3. Nc3 Bg7 4. e4 d6 5. Nf3 O-O 6. Be2 e5 7. d5 a5 8. Bg5 h6
9. Bh4 Na6 10. Nd2 Nc5 11. O-O Bd7 12. b3 Qe8 13. a3 b6 14. f3 Nh7 15. b4 Nb7
16. Qc2 h5 17. Bf2 Qe7 18. Nb3 Rfc8 19. Rfb1 Bf8 20. Bd3 Qg5 21. Nd1 Qd8 22. c5
bxc5 23. Nxc5 Nxc5 24. bxc5 c6 25. dxc6 Bxc6 26. Bc4 dxc5 27. Qa2 Ra7 28. Nc3
Kg7 29. Rd1 Qe8 30. Nd5 Rb8 31. Rd2 Bb5 32. Rad1 Bxc4 33. Qxc4 Qb5 34. Qc3 f6
35. Bg3 Rab7 36. Nxf6 Nxf6 37. Bxe5 Re8 38. Bxf6+ Kh7 39. Rd5 Rc8 40. e5 Qc6
41. Qc4 Rcc7 42. e6 Be7 43. Ba1 Bf8 44. Qe4 Qe8 45. Rxh5+ 1-0

[Event "Sparkassen-Open A"]
[Site "Heusenstamm, Martinsee"]
[Date "2016.11.27"]
[Round "3.30"]
[White "Stork, Oliver"]
[Black "Pfeffer, Marko"]
[Result "1/2-1/2"]
[WhiteElo "2017"]
[BlackElo "2071"]
[PlyCount "85"]
[EventDate "2016.??.??"]
[WhiteTeam "SV Oberursel"]
[BlackTeam "SC Bergen-Enkheim"]

1. c4 Nf6 2. g3 c5 3. Bg2 Nc6 4. Nc3 g6 5. d3 Bg7 6. e4 O-O 7. Nge2 e5 8. O-O
d6 9. h3 Ne8 10. Rb1 Nc7 11. a3 a5 12. Be3 Rb8 13. f4 Nd4 14. b4 axb4 15. axb4
Nxe2+ 16. Nxe2 Ne6 17. f5 Nd4 18. g4 f6 19. Nc3 Bd7 20. Qd2 cxb4 21. Rxb4 Qa5
22. Rfb1 Bc6 23. Qf2 Ra8 24. Bxd4 exd4 25. Qxd4 Qc5 26. Qxc5 dxc5 27. R4b3 Bh6
28. Nd5 Kf7 29. fxg6+ hxg6 30. Rxb7+ Bxb7 31. Rxb7+ Ke6 32. Nc7+ Ke5 33. Nxa8
Rxa8 34. h4 Kf4 35. g5 fxg5 36. Rh7 Bf8 37. e5 Ra1+ 38. Kh2 Kxe5 39. hxg5 Bd6
40. Be4 Kf4 41. Rf7+ Kxg5+ 42. Kg2 Be5 43. Rf1 1/2-1/2

[Event "Sparkassen-Open A"]
[Site "Heusenstamm, Martinsee"]
[Date "2016.11.27"]
[Round "3.31"]
[White "Paskalutsa, Vladimir"]
[Black "Eichner, Christian"]
[Result "1-0"]
[WhiteElo "1868"]
[BlackElo "2067"]
[PlyCount "99"]
[EventDate "2016.??.??"]
[WhiteTeam "SF Mainz"]
[BlackTeam "SV TuR Dresden"]

1. e4 e5 2. Bc4 Nf6 3. Nc3 Nxe4 4. Qh5 Nd6 5. Qxe5+ Qe7 6. Qxe7+ Bxe7 7. Bb3
O-O 8. Nf3 c6 9. d4 Bf6 10. Bf4 Nf5 11. O-O-O d5 12. g4 Nh4 13. g5 Nxf3 14.
gxf6 Bf5 15. Nxd5 cxd5 16. Bxd5 Nxd4 17. Rxd4 Nc6 18. Rc4 Rfc8 19. fxg7 Ne7 20.
Rxc8+ Rxc8 21. Bb3 Kxg7 22. Rg1+ Bg6 23. c3 Rd8 24. Rd1 Rxd1+ 25. Bxd1 Kf6 26.
Bf3 Nc6 27. b4 a6 28. a4 Bd3 29. Kd2 Bc4 30. Be4 h5 31. h4 Bf1 32. Ke3 Bc4 33.
Bc7 Bf1 34. Bb6 Ke6 35. Bc5 Kf6 36. Bd5 Kg6 37. c4 Ne5 38. Kd4 Nc6+ 39. Ke4
Bg2+ 40. f3 Bf1 41. Bd6 Be2 42. b5 axb5 43. cxb5 Nd8 44. Be7 Ne6 45. Bxb7 Bd1
46. a5 f5+ 47. Ke5 Nc7 48. b6 Nb5 49. a6 Kf7 50. Bb4 1-0

[Event "Sparkassen-Open A"]
[Site "Heusenstamm, Martinsee"]
[Date "2016.11.27"]
[Round "3.32"]
[White "Schlapp, Thomas"]
[Black "Köllner, Ruben Gideon"]
[Result "0-1"]
[WhiteElo "2261"]
[BlackElo "1979"]
[PlyCount "76"]
[EventDate "2016.??.??"]
[WhiteTeam "SG Kaiserslautern"]
[BlackTeam "SG Bochum"]

1. d4 d6 2. c4 e5 3. Nf3 e4 4. Ng5 f5 5. Nc3 Be7 6. Nh3 Nf6 7. Bg5 c6 8. Qd2
Be6 9. e3 O-O 10. Nf4 Bf7 11. Be2 Nbd7 12. O-O h6 13. Bxf6 Nxf6 14. b3 Qe8 15.
f3 g5 16. Nh3 exf3 17. gxf3 d5 18. c5 Bd8 19. Bd3 Qd7 20. f4 g4 21. Nf2 Ne4 22.
Qc2 Kh8 23. Bxe4 fxe4 24. b4 Rg8 25. Ne2 Bh4 26. Ng3 h5 27. Nfh1 Bf6 28. Rf2
Rg7 29. a4 h4 30. Nf1 Bh5 31. Rb1 a6 32. Qb3 Rag8 33. Rg2 g3 34. hxg3 hxg3 35.
Rbb2 Bf3 36. Qc3 Qh3 37. Qe1 Rh7 38. Nfxg3 Bh4 0-1

[Event "Sparkassen-Open A"]
[Site "Heusenstamm, Martinsee"]
[Date "2016.11.27"]
[Round "3.33"]
[White "Erdmann, Stefan"]
[Black "Seifert, Norbert"]
[Result "1-0"]
[WhiteElo "2155"]
[BlackElo "1961"]
[PlyCount "33"]
[EventDate "2016.??.??"]
[WhiteTeam "SC Bad Soden"]
[BlackTeam "vereinslos"]

1. d4 Nf6 2. c4 e5 3. dxe5 Ne4 4. a3 d6 5. Nf3 Nc6 6. Bf4 g5 7. Qd5 Nxf2 8.
Nxg5 Qd7 9. Kxf2 Qf5 10. Qe4 dxe5 11. Qxf5 Bxf5 12. Be3 h6 13. Nf3 O-O-O 14.
Nc3 Be6 15. g3 Bxc4 16. Bh3+ Kb8 17. Rhd1 1-0

[Event "Sparkassen-Open A"]
[Site "Heusenstamm, Martinsee"]
[Date "2016.11.27"]
[Round "3.35"]
[White "Kiselev, Alexander S"]
[Black "Feicht, Arno"]
[Result "0-1"]
[WhiteElo "2149"]
[BlackElo "1957"]
[PlyCount "76"]
[EventDate "2016.??.??"]
[WhiteTeam "vereinslos"]
[BlackTeam "SV Alsfeld"]

1. e4 c5 2. Nf3 Nc6 3. d4 cxd4 4. Nxd4 e5 5. Nb5 d6 6. c4 f5 7. N1c3 a6 8. Na3
Nf6 9. Bd3 f4 10. Nd5 Be7 11. Bd2 O-O 12. Nc2 Kh8 13. b4 Bg4 14. f3 Bd7 15. Qe2
Nxd5 16. exd5 Bh4+ 17. g3 fxg3 18. hxg3 Bxg3+ 19. Kd1 Nd4 20. Nxd4 exd4 21.
Bxh7 Bh4 22. Bd3 Kg8 23. Qh2 Rxf3 24. Qe2 Bg4 25. Kc2 Qf6 26. Rag1 Bh3 27. Kc1
Rf2 28. Qh5 Rf3 29. Qh7+ Kf7 30. Rg6 Qe5 31. Rhg1 Bf6 32. Re1 Re3 33. Reg1 Rxd3
34. Rxf6+ Qxf6 35. Qxd3 Bf5 36. Qf3 Rc8 37. Rf1 Rxc4+ 38. Kd1 Bg4 0-1

[Event "Sparkassen-Open A"]
[Site "Heusenstamm, Martinsee"]
[Date "2016.11.27"]
[Round "3.36"]
[White "Wanie, Karsten"]
[Black "Rutsatz, Mario"]
[Result "1/2-1/2"]
[WhiteElo "2145"]
[BlackElo "1956"]
[PlyCount "111"]
[EventDate "2016.??.??"]
[WhiteTeam "SC Matt im Park"]
[BlackTeam "SF Frankfurt"]

1. d4 Nf6 2. c4 c5 3. d5 b5 4. cxb5 a6 5. b6 d6 6. Nc3 Nbd7 7. e4 g6 8. Nf3 Bg7
9. Be2 O-O 10. O-O Nxb6 11. h3 Ne8 12. Bf4 Nc7 13. a4 a5 14. Nd2 Ba6 15. Bxa6
Rxa6 16. Qe2 Ra8 17. Nc4 Nxc4 18. Qxc4 Qb8 19. Qe2 Qb4 20. Bd2 Qb3 21. Rfb1
Rfb8 22. Ra3 Qc2 23. Qd1 Qxd1+ 24. Nxd1 Na6 25. Bc3 Bxc3 26. Nxc3 Rb4 27. f3
Nc7 28. Kf1 Rab8 29. Nd1 Na6 30. Ke2 c4 31. Rba1 Nc5 32. Ke3 Nd3 33. Rc3 Nxb2
34. Nxb2 Rxb2 35. Rac1 Rxg2 36. Rxc4 Rh2 37. Rc8+ Rxc8 38. Rxc8+ Kg7 39. Ra8
Rxh3 40. Rxa5 Rh1 41. Ra7 Kf6 42. a5 h5 43. f4 Ra1 44. e5+ dxe5 45. fxe5+ Kxe5
46. Rxe7+ Kxd5 47. Rxf7 Rxa5 48. Rf6 Ke5 49. Rxg6 Kf5 50. Rg8 Ra4 51. Kf3 Rf4+
52. Kg3 Rg4+ 53. Rxg4 hxg4 54. Kg2 Kf4 55. Kf2 g3+ 56. Kg1 1/2-1/2

[Event "Sparkassen-Open A"]
[Site "Heusenstamm, Martinsee"]
[Date "2016.11.27"]
[Round "3.37"]
[White "Krastev, Alexander"]
[Black "Hahn, Florian"]
[Result "1/2-1/2"]
[WhiteElo "1981"]
[BlackElo "2139"]
[PlyCount "49"]
[EventDate "2016.??.??"]
[WhiteTeam "Biebertaler SF"]
[BlackTeam "SC Herborn"]

1. e4 c5 2. Nc3 e6 3. Nf3 a6 4. g3 Nc6 5. Bg2 Qc7 6. O-O d6 7. d4 cxd4 8. Nxd4
Bd7 9. Nb3 b5 10. Re1 Be7 11. f4 Rc8 12. Be3 Nf6 13. Kh1 O-O 14. g4 h6 15. h4
Nh7 16. g5 hxg5 17. hxg5 b4 18. Ne2 e5 19. Qd2 Qd8 20. Rad1 exf4 21. Bxf4 Bxg5
22. Qxd6 Bxf4 23. Qxf4 Qe7 24. Ng3 Rfe8 25. Rd6 1/2-1/2

[Event "Sparkassen-Open A"]
[Site "Heusenstamm, Martinsee"]
[Date "2016.11.27"]
[Round "3.38"]
[White "Mehringer, Jörg"]
[Black "Tornay Gomez, Josu"]
[Result "0-1"]
[WhiteElo "1965"]
[BlackElo "2121"]
[PlyCount "46"]
[EventDate "2016.??.??"]
[WhiteTeam "Schachpinguine Berlin"]
[BlackTeam "SC Herborn"]

1. e4 c5 2. g3 d5 3. exd5 Nf6 4. Bg2 Nxd5 5. Ne2 Nc6 6. O-O e5 7. Nbc3 Be6 8.
d3 Be7 9. f4 exf4 10. Nxf4 Nxf4 11. Bxf4 O-O 12. Be3 Ne5 13. h3 Qd7 14. Kh2
Rac8 15. Qe2 Rfe8 16. Rad1 Bg4 17. Qf2 Bxd1 18. Rxd1 b6 19. Rf1 f6 20. Bd5+ Kh8
21. Be4 g6 22. Nd5 f5 23. Nxe7 Qxe7 0-1